[Event "COL-ch U20 Girls"]
[Site "Tolima"]
[Date "2020.02.15"]
[Round "7"]
[White "Carrillo Riano, Karen Sofia"]
[Black "Rubio Hernandez, Maria Camila"]
[Result "1/2-1/2"]
[WhiteElo "1284"]
[BlackElo "1500"]
[PlyCount "119"]
[EventDate "2020.02.12"]
[EventType "swiss"]
[EventRounds "7"]
[EventCountry "COL"]
[SourceTitle "CBM 195 Extra"]
[Source "ChessBase"]
[SourceDate "2020.05.31"]
[SourceVersion "1"]
[SourceVersionDate "2020.05.31"]
[SourceQuality "1"]

1. e4 e5 2. Nf3 Nc6 3. Bc4 Nf6 4. d3 Bc5 5. c3 Na5 6. Bb5 a6 7. Ba4 b5 8. Bc2 Nc6 9. 0-0 0-0 10. Nbd2 Ba7 11. Re1 d6 12. Nf1 Ng4 13. Ne3 Qf6 14. Rf1 h6 15. Nd5 Qd8 16. Bd2 f5 17. Bb3 Kh8 18. h3 Nf6 19. Qe2 Nxd5 20. Bxd5 fxe4 21. dxe4 Bd7 22. Be3 Bxe3 23. Qxe3 Qf6 24. Nh2 Rad8 25. Ng4 Bxg4 26. hxg4 Ne7 27. Bb3 Qh4 28. Qh3 Ng6 29. Qxh4 Nxh4 30. f3 Ng6 31. g3 c6 32. Rad1 Ne7 33. f4 c5 34. fxe5 Rxf1+ 35. Rxf1 dxe5 36. Rd1 Rxd1+ 37. Bxd1 a5 38. Kg2 g5 39. Kf3 a4 40. a3 Kg7 41. c4 bxc4 42. Bxa4 Nc8 43. Bb5 Nd6 44. a4 Kf7 45. Bc6 Ke7 46. a5 Nc8 47. Bd5 Na7 48. Bxc4 Kd7 49. b3 Kc6 50. Ke3 Nc8 51. Kd2 Nd6 52. Kd3 Kb7 53. Kc2 Nxc4 54. bxc4 Ka6 55. Kb2 Kxa5 56. Ka3 Kb6 57. Ka4 Ka6 58. Kb3 Ka5 59. Ka3 Kb6 60. Ka4 1/2-1/2

[Event "COL-ch U20 Girls"]
[Site "Tolima"]
[Date "2020.02.14"]
[Round "4"]
[White "Hernandez Bermudez, Manuela"]
[Black "Rubio Hernandez, Maria Camila"]
[Result "1-0"]
[WhiteElo "1492"]
[BlackElo "1500"]
[PlyCount "41"]
[EventDate "2020.02.12"]
[EventType "swiss"]
[EventRounds "7"]
[EventCountry "COL"]
[SourceTitle "CBM 195 Extra"]
[Source "ChessBase"]
[SourceDate "2020.05.31"]
[SourceVersion "1"]
[SourceVersionDate "2020.05.31"]
[SourceQuality "1"]

1. e4 e5 2. Nf3 Nc6 3. Bb5 Nf6 4. 0-0 Nxe4 5. d4 a6 6. Ba4 exd4 7. Re1 d5 8. Nxd4 Bd7 9. Bxc6 bxc6 10. f3 Qe7 11. fxe4 dxe4 12. Nc3 c5 13. Rxe4 Be6 14. Nxe6 fxe6 15. Qf3 Rd8 16. Qg4 Qf7 17. Rxe6+ Be7 18. Bg5 Rd7 19. Rf1 Qxf1+ 20. Kxf1 0-0+ 21. Kg1 1-0